Využitie princípov DevSecOps pri vývoji softvéru

Enregistré dans:
Détails bibliographiques
Auteur principal: Nagy, Balázs (Auteur)
Autres auteurs: Balogh, Štefan (Directeur de thèse)
Format: Manuscrit Livre
Langue:slovaque
Publié: Bratislava : STU v Bratislave FEI, 2023
Sujets:
Accès en ligne:https://opac.crzp.sk/?fn=detailBiblioFormChildG222I&sid=EC7951772ACC837B5F7DC0A56A1E&seo=CRZP-detail-kniha
Tags: Ajouter un tag
Pas de tags, Soyez le premier à ajouter un tag!

MARC

LEADER 00000ntm a22000003a 4500
001 stuzp91938
003 SK-STU
005 20241213085244.7
007 ta
008 150427s2015----xo-----f-mn---000-0-slo-d
040 |a STU  |b slo 
041 0 |a slo 
044 |a xo 
100 1 |a Nagy, Balázs  |u 035000  |4 aut  |U FEI Fakulta elektrotechniky a informatiky  |T FEI Ústav informatiky a matematiky  |X 92306  |U E050  |Y 816  |7 92306 
242 0 1 |a Use of DevSecOps principles in software development  |y eng 
245 1 0 |a Využitie princípov DevSecOps pri vývoji softvéru 
260 |a Bratislava :  |b STU v Bratislave FEI,  |c 2023 
300 |a 82 s. 
650 4 |a cloud  |2 slo 
650 4 |a DevSecOps  |2 slo 
650 4 |a bezpečnosť  |2 slo 
650 4 |a CI/CD  |2 slo 
650 4 |a automatizácia  |2 slo 
650 4 |a CI/CD  |2 eng 
650 4 |a automation  |2 eng 
650 4 |a DevSecOps  |2 eng 
650 4 |a cloud  |2 eng 
650 4 |a security  |2 eng 
700 1 |a Balogh, Štefan  |u 035000  |k Z1  |4 ths  |U FEI Fakulta elektrotechniky a informatiky  |T FEI Ústav informatiky a matematiky  |X 30190  |U E050  |Y 816  |7 A000030190 
856 4 |u https://opac.crzp.sk/?fn=detailBiblioFormChildG222I&sid=EC7951772ACC837B5F7DC0A56A1E&seo=CRZP-detail-kniha